| 000 | 01180nam a2200301 c 4500 | ||
|---|---|---|---|
| 003 | BLK | ||
| 005 | 20180421000239.0 | ||
| 008 | 180411b bul|||||r ||||||| ||bul|| | ||
| 010 | _aKNG00193052000 | ||
| 040 | _aBLK | ||
| 041 |
_aBUL _cBUL |
||
| 080 |
_aСпорт. Спортни игри. Физическа култура. Вж и 613;615.82;685.6/.7; 723.8; 793.3; 794 _b796 _x-053.8 _z796-053.8 |
||
| 100 | 1 |
_aДобрев, Павел Ст. _eпърви автор _9343413 |
|
| 139 |
_aДобрев, Павел Ст. _bД 66 |
||
| 245 | 1 | 0 |
_aСилови упражнения за средна и напреднала възраст _bИзследване _cПавел Ст. Добрев. |
| 257 | _aBGR | ||
| 260 |
_аСофия _bМедицина и физкултура _c1976 _fПловдив : Д. Благоев |
||
| 300 |
_a164 с. _bс ил. _c20 см |
||
| 380 | _a79 | ||
| 500 | _a5 101 тир. | ||
| 650 | 4 |
_aВдигане на тежести [спорт] _9277020 |
|
| 650 | 4 |
_aСтарост _9172040 |
|
| 852 | _aЦб 80985 | ||
| 856 | 4 |
_qpdf _u |
|
| 856 | 4 |
_qpdf _u |
|
| 942 |
_cKNG _n0 |
||
| 944 |
_aCR _c14.10.2016 _kГрета_Цуфелде |
||
| 944 |
_aED _c14.10.2016 _kГрета_Цуфелде |
||
| 999 |
_c184100 _d184100 |
||